000 00443nam a2200157Ia 4500
005 20250609142327.0
008 008 250505s9999 xx 000 0 eng d
020 _a9788194776598
040 _beng
_cILCL
041 _aeng
_2eng
100 _aCardozo, Benjamin
_9812224
245 4 _aThe Paradoxes of Legal Science
260 _aDelhi
_bLaw and Justice Publishing Company
_c2023
300 _a142p.
942 _cTB
_2Colon Classification
999 _c1311867
_d1311867